| 000 | 00821nam a22001577a 4500 | ||
|---|---|---|---|
| 003 | OSt | ||
| 005 | 20151117111644.0 | ||
| 008 | 151117b xxu||||| |||| 00| 0 eng d | ||
| 040 | _cRUA | ||
| 082 | _aFOR MAO 2003 B143 Or.1 | ||
| 100 |
_93775 _aMAO, CHANDARA. |
||
| 245 | _athe effectiveness of management and forest resources use of the commune in pro-ngil commune phnom kravanh district, pursat province ( ប្រសិទ្ធភាពនៃការគ្រប់គ្រង និង ការប្រើប្រាស់ធនធានព្រៃឈើរបស់សហគមន៍ ក្នុង ឃុំព្រងិល ស្រុកភ្នំក្រវ៉ាញ ខេត្តពោធិសាត់) | ||
| 260 |
_aPhnom Penh _bRUA _c2003 |
||
| 300 |
_aiv, 59p. _bill. _c29cm. |
||
| 942 |
_2ddc _cFOR |
||
| 999 |
_c3512 _d3512 |
||